Survivor Trivia - Statistics

General Stats
  • This quiz has been taken 729 times
  • The average score is 7 of 15
Answer Stats
Hint Answer % Correct
Who won Palau? Tom Westman
83%
What challenge is where the contestants get $500 to spend on luxuries? Auction
75%
Who was on Big Brother, then Survivor? Hayden Moss
72%
Who asked to be called by their last name on their first episode? John Cochran
69%
Who did Candace have a show-mance with in Cook Islands? Adam Gentry
68%
Who was Jeff engaged to (who was a contestant? Julie Berry
61%
Who drew the purple rock? Paschal English
49%
What were the Caucasian tribe called in Survivor: Cook Islands? Rarotonga
45%
What was the tribe Ozzy, Becky, Sandra, and Yul on called/dubbed? Aitu Four
38%
Who is Courtney Yates dating? Stephen Fishbach
25%
Who did Alex Bell marry? Kim Powers
24%
What other show was Frosti Zernow on? American Ninja Warrior
17%
What season if Fiji? 19
11%
What does Aras Baskauskas company sell? Tundra Hats
10%
Who was the person that didn't compete in Fiji? Mellisa McNulty
8%
No matching quizzes found
Score Distribution
Percent of People with Each Score
Percentile by Number Answered
Your Score History
You have not taken this quiz